Library Banner

Humanity (Record no. 64262)

MARC details
000 -LEADER
fixed length control field 00536nam a2200193Ia 4500
001 - CONTROL NUMBER
control field 63608
008 - FIXED-LENGTH DATA ELEMENTS--GENERAL INFORMATION
fixed length control field 150109s9999 xx 000 0 und d
020 ## - INTERNATIONAL STANDARD BOOK NUMBER
International Standard Book Number 9780495508748
040 ## - CATALOGING SOURCE
Transcribing agency PK-LaUMT
082 ## - DEWEY DECIMAL CLASSIFICATION NUMBER
Classification number 306
Item number PEO-H
100 ## - MAIN ENTRY--PERSONAL NAME
Personal name Peoples, James
245 ## - TITLE STATEMENT
Title Humanity
Remainder of title an introduction to cultural anthropology
Statement of responsibility, etc Peoples, James|Bailey, Garrick
260 ## - PUBLICATION, DISTRIBUTION, ETC. (IMPRINT)
Place of publication, distribution, etc South melbourne,Australia:
Name of publisher, distributor, etc Cengage Learning Australia,
Date of publication, distribution, etc 2009
300 ## - PHYSICAL DESCRIPTION
Extent 463 p.
546 ## - LANGUAGE NOTE
Language note EN
650 ## - SUBJECT ADDED ENTRY--TOPICAL TERM
Topical term or geographic name as entry element Ethnology
700 ## - ADDED ENTRY--PERSONAL NAME
Personal name Bailey, Garrick
942 ## - ADDED ENTRY ELEMENTS (KOHA)
Koha item type Books
Holdings
Withdrawn status Lost status Damaged status Not for loan Home library Current library Date acquired Total Checkouts Full call number Barcode Date last seen Date checked out Price effective from Koha item type
        UMT Main Campus UMT Main Campus 2015-01-09 4 306 PEO-H 87727 2018-06-12 2018-02-14 2015-01-09 Books